ბათუმის შოთა რუსთაველის სახელმწიფო უნივერსიტეტის ბიბლიოთეკა

ყაზალები, რობაიები, იგავები "ღრმააზროვანი პოემიდან" სპარსულ-ქართული ლექსიკონით / (ბიბ.ჩანაწერი № 55364)

000 -ლიდერი
ფიქსირებული სიგრძის საკონტროლო ველი 01751nam a2200313Ia 4500
001 - საკონტროლო ნომერი
საკონტროლო ველი 22442
003 - საკონტროლო ნომრის იდენტიფიკატორი
საკონტროლო ველი GE_BSU
005 - ბოლო ოპერაციის თარიღი და დრო
საკონტროლო ველი 20230310161840.0
008 - ფიქსირებული სიგრძის მონაცემთა ელემენტები - ზოგადი ინფორმაცია
ფიქსირებული სიგრძის საკონტროლო ველი 181216s||||||||xx |||||||||||||| ||und||
020 ## - წიგნის საერთაშორისო სტანდარტული ნომერი
International Standard Book Number 9789941427947
040 ## - კატალოგიზაციის წყარო
Transcribing agency GE_BSU
080 ## - უნივერსალური ათობითი კლასიფიკაციის ინდექსი
Universal Decimal Classification number 821.222.1-1
100 ## - მთავარი ჩანაწერი - პიროვნების სახელი
Personal name რუმი, ჯალალ ედ-დინ
9 (RLIN) 17171
245 ## - ცნობა სათაურის შესახებ
Title ყაზალები, რობაიები, იგავები "ღრმააზროვანი პოემიდან" სპარსულ-ქართული ლექსიკონით /
Statement of responsibility, etc წიგნი მოამზადა, სპარს. ტესტები თარგმ. და ლექსიკონი შეადგინა ა. ელერდაშვილმა.
264 ## - წარმოების, გამოცემის, დისტრიბუციის და სხვა ცნობები
გამოცემის, წარმოების, დისტრიბუციის... ადგილი თბილისი,
გამოცემის, წარმოების, დისტრიბუციის... თარიღი 2014.
300 ## - ფიზიკური აღწერა
Extent 119 გვ. ;
Dimensions 28 სმ.
490 ## - სერიის ცნობა
Series statement მთარგმნელის ბიბლიოთეკა
Volume number/sequential designation N 5
500 ## - ზოგადი შენიშვნა
General note გარეკანის პირველ და ბოლო გვერდებზე - ჯალალ ედ-დინი რუმის ძეგლი და მავზოლეუმი თურქეთის ქალაქ კონიაში
500 ## - ზოგადი შენიშვნა
General note სპარსულ-ქართული ლექსიკონი გვ. : 101-117
653 ## - INDEX TERM--UNCONTROLLED
Uncontrolled term მხატვრული ლიტერატურა
653 ## - INDEX TERM--UNCONTROLLED
Uncontrolled term ფოლკლორი
653 ## - INDEX TERM--UNCONTROLLED
Uncontrolled term საზღვარგარეთის ლიტერატურა
653 ## - INDEX TERM--UNCONTROLLED
Uncontrolled term რჩეული ლირიკა
653 ## - INDEX TERM--UNCONTROLLED
Uncontrolled term ყაზალები
653 ## - INDEX TERM--UNCONTROLLED
Uncontrolled term რობაიები
653 ## - INDEX TERM--UNCONTROLLED
Uncontrolled term იგავები
942 ## - ADDED ENTRY ELEMENTS (KOHA)
Koha item type წიგნი
Source of classification or shelving scheme
ეგზემპლარები
ჩამოწერის სტატუსი დაკარგული ეგზემპლარის სტატუსი კლასიფიკაციის წყარო ან თაროზე გაწყობის სქემა დაზიანების სტატუსი არ გაიცემა მუდმივი მდებარეობა (დაცვის ადგილი) ამჟამინდელი ადგილსამყოფელი თაროზე განთავსების ადგილი შეძენის თარიღი ინვენტარის ნომერი სრული შენახვის შიფრი შტრიხკოდი ბოლო ოპერაციის თარიღი ეგზემპლარის მიმდევრობითი ნომერი (კეტერი?) ფასის ძალაში შესვლის თარიღი ეგზემპლარის სახეობა საჯარო შენიშვნა ღირებულება, შესყიდვის ნორმალური ფასი
          ბათუმის შოთა რუსთაველის სახელმწიფო უნივერსიტეტის მთავარი ბიბლიოთეკა ბათუმის შოთა რუსთაველის სახელმწიფო უნივერსიტეტის მთავარი ბიბლიოთეკა წიგნსაცავი 2018-12-17 9.00 ₾. 821.222.1-1 57571 2018-12-17 57571 2018-12-17 წიგნი 9.00 ₾.  
          ბათუმის შოთა რუსთაველის სახელმწიფო უნივერსიტეტის მთავარი ბიბლიოთეკა ბათუმის შოთა რუსთაველის სახელმწიფო უნივერსიტეტის მთავარი ბიბლიოთეკა წიგნსაცავი 2018-12-17   821.222.1-1 57572 2018-12-17 57572 2018-12-17 წიგნი 9.00 ₾. 9.00